Cestami odboje (jak žily a kudy táhly Čs. legie) I. díl Z rakouských pout k svobodě

Bibliographic Details
Format: Book
Language:Czech
PhysicalDescription:[6], 372, [2] s. fotogr., ilustr., mp. 29 cm
Published: V Praze Pokrok 1926
Edition:[1. vyd.]
Subjects:

MARC

LEADER 00000nam a2200000 a 4500
001 vtls008957813
003 SK-MaSNL
005 20260311124102.0
008 180406s1926 xr oac g 000 0dcze
020 |q (viaz.) 
040 |a SNK  |b slo  |c SNK  |e AACR2 
041 0 |a cze 
043 |a e-cs--- 
044 |a xr  |c CZ 
072 7 |a 355/359  |x Vojenstvo. Obrana krajiny. Ozbrojené sily  |2 konspekt 
080 |a 355.11  |2 2001 
080 |a 355.318.2  |2 2001 
080 |a 94(100)"1914/1918  |2 2001 
080 |a (437)  |2 2001 
080 |a 355.483(100)"1914/1918"  |2 2001 
080 |a (082)  |2 2001 
080 |a (093) 2 2001  |2 1981 
245 0 0 |a Cestami odboje  |b (jak žily a kudy táhly Čs. legie)  |n I. díl  |p Z rakouských pout k svobodě  |c hlavní redaktor Adolf Zeman 
246 3 0 |a Z rakouských pout k svobodě 
250 |a [1. vyd.] 
260 |a V Praze  |b Pokrok  |c 1926  |e Praha  |f Pokrok 
300 |a [6], 372, [2] s.  |b fotogr., ilustr., mp.  |c 29 cm 
500 |a Obsah: Cestou do Ruska / F. Bobek - Od švýcarských hranic na ruskou frontu / V. Bubeníček - Bosna a Hercegovina - Z fronty na frontu / J. Bouška - Jak nás zajímali hoši z České družiny / J. Čáp - U jihoslovanského pluku v rakouské armádě / J. Čermák - Na cestu do České družiny / J. Čižmár - K Rusům / J. Dobiáš-Libenický - Revoluční cesty dra Ed. Beneše / J. Dýma - V předtuchách revoluce - Když jsem táhl na Rusy / J. Fingl - Vzpomínka arizonského legionáře / F. Halas - Halič - V zajetí Timocké divise / R. Havel - Prví stopa na cestě odboje / F. Herodek - S bílým šátkem - Casteletto / V. Holub - Bosenské vzpomínky / J. Hubička - Moji posdní dnové v Rakousku / Ika - Můj šťastný 28. říjem 1914 / J. Javůrek - Jak jsem se dostal do srbského zajetí / J. Kápar - Jak se dostali "smutní bratři" do zajetí / V. Kaplický - Z italské fronty do ruského zajetí / J. Konečný - Karpatské motivy / J. Kopta - Jak nás naši u Zborova zabírali / V. Koucký - Rozpuštění 36. pluku / S. Kramer - "Auf Wiedersehen in Russland" / J. Křepela - Podivuhodné příhody Ládi "Mejdýlka" / L. Křivý - Proč jsme dělali revoluci? / J. Linhart - Moje cesta do ruského zajetí / J. Mikolaj - Něco o Bukovině - Počátky odboje amerických Čechů v New Yourku / L Pacák - Jak jsem přišel do rumunského zajetí / T. Posel - Rakousko-srbské bojiště - Do italského zajetí / Robur-Moravec - Vítězové / V. Roubal - Jak jsme dělali rakouskou propagandu v italských zákopech / J. Řehoř - Můj ablezung / F. Sajner - Z Londýna na francouzské bojiště / Ský - V Albanii / B. Sova - Na srbskou frontu / J. Stý - Vzpomínka australského legionáře / J. Sudolský - Masarykova odyssea ve válce světové / V. K. Škrach - Hradec Králové-Přemyšl-Andižan / F. Tichý - Proč a jak jsem utekl austrijákům / J. Tmé - Do ruského zajetí / C. Toman - U četnictva v poli / E. Vacovský - Kdo byl vlastně prvým československým generálem v Rusku / V. Valenta-Alfa - Zajetí 8. zeměbraneckého pluku / J. Vavrečka - U 28. pluku na italské frontě / A. Vild - Na rakousko-srbské frontě / J. Votýpka - Vzpomínky pařížských legionářů setniny "Nazdar" - Případ nadporučíka inž. Marka / J. Zálabský - Po stopách generála Štefánika / A. Zeman - Z prahy na perské hranice - Jak jsem vzdal "werk" Pralkovce v Přemyšlu Rusům / F. Žlábek 
500 |a Obsahuje dobové fotografie, ilustrácie a mapy 
500 |a Úvodem. Doslov k I. dílu 
504 |a Bibliogr. odkazy. Pozn. 
610 2 7 |a Československé légie  |2 SNKKA  |9 174821 
650 0 7 |a legionári  |2 SNKPH  |9 67718 
650 0 7 |a zahraničný odboj  |2 SNKPH  |9 54986 
650 0 7 |a prvá svetová vojna (1914-1918)  |2 SNKPH  |9 162650 
651 7 |a Československo  |2 SNKPH  |9 21376 
655 7 |a zborníky  |2 SNKPH  |9 70165 
655 7 |a dokumenty  |2 SNKPH  |9 70482 
700 1 2 |a Zeman, Adolf,  |d 1882-1952  |4 red  |9 100090 
852 |a Štátna vedecká knižnica v Banskej Bystrici 
958 |a OND 
958 |a DG 
999 |c 654461  |d 656391 
952 |a SNK  |b SNK  |y VYP  |7 0  |p 17A0542215  |o snkSB 4809/1 D1  |i snkK 330/63  |8 3  |0 0  |1 0  |4 0  |d 2007-03-22  |l 0  |r 2026-02-23 18:33:01  |w 2026-02-23 
952 |a SNK  |b SNK  |y PREZ  |7 0  |p 17A0475564  |o snkSB 4809/1  |i snkKSF 480/58  |8 5  |0 0  |1 0  |4 0  |d 2007-03-30  |f 1  |l 0  |r 2025-02-21 00:00:00  |w 2026-02-23